Murder in our midst (Record no. 4519)
[ view plain ]
| 000 -LEADER | |
|---|---|
| fixed length control field | 01396nam a2200349Ia 4500 |
| 082 04 - DEWEY DECIMAL CLASSIFICATION NUMBER | |
| Classification number | 940.53/18/072 |
| 100 1# - MAIN ENTRY--AUTHOR NAME | |
| Personal name | Bartov, Omer. |
| 245 10 - TITLE STATEMENT | |
| Title | Murder in our midst |
| 260 ## - PUBLICATION, DISTRIBUTION, ETC. (IMPRINT) | |
| Place of publication | New York : |
| Name of publisher | Oxford University Press, |
| Year of publication | 1996. |
| 300 ## - PHYSICAL DESCRIPTION | |
| Number of Pages | 251 p. |
| 650 #0 - SUBJECT ADDED ENTRY--TOPICAL TERM | |
| Topical Term | Genocide. |
| Topical Term | Holocaust, Jewish (1939-1945) |
| Topical Term | Holocaust, Jewish (1939-1945) |
| Topical Term | Holocaust, Jewish (1939-1945), in motion pictures. |
| 856 40 - ELECTRONIC LOCATION AND ACCESS | |
| Uniform Resource Identifier | http://site.ebrary.com/lib/rucke/Doc?id=10279476 |
No items available.
